Sampling techniques for forest resource inventory

Bibliographic Details
Main Author: SHIVER
Other Authors: Borders (Bruce Edwards)] , 1956-
Format: Book
Published: New York : Wiley , 1996
Subjects:

MARC

LEADER 00000cam a2200000 7i4500
001 0000002421
005 20030610.0
020 0 0 |a 0471109401 
090 0 0 |a R634.9285   |b SHI 1996 
100 1 0 |a SHIVER   |h Barry Dexter 
245 1 0 |a Sampling techniques for forest resource inventory   |c Barry D. Shiver, Bruce E. Borders 
260 0 0 |a New York :   |b Wiley ,   |c 1996 
300 |a xii, 356 p. :   |b ill. ;   |c 24 cm. 
500 0 0 |a Includes bibliographical references and index 
650 0 0 |a Forest surveys   |x Statistical methods 
650 0 0 |a Forests and forestry   |x Statistical methods 
650 0 0 |a Sampling (Statistics) 
700 0 1 |a Borders   |h Bruce E. [  |q (Bruce Edwards)] ,   |c 1956- 
998 |a JPSM 
999 |a 0000004424   |b Monograph   |c Reference   |e Default branch